| 000 | 01454nam a2200349Ia 4500 | ||
|---|---|---|---|
| 001 | ebr10047727 | ||
| 003 | CaPaEBR | ||
| 006 | m u | ||
| 007 | cr cn||||||||| | ||
| 008 | 010503s2002 nyua sb 001 0 eng d | ||
| 010 | _z 2001032843 | ||
| 020 | _z0387953086 (alk. paper) | ||
| 040 |
_aCaPaEBR _cCaPaEBR |
||
| 035 | _a(OCoLC)559289045 | ||
| 050 | 1 | 4 |
_aR858 _b.A475 2002eb |
| 082 | 0 | 4 |
_a174/.2 _221 |
| 100 | 1 |
_aAnderson, James G., _d1936- |
|
| 245 | 1 | 0 |
_aEthics and information technology _h[electronic resource] : _ba case-based approach to a health care system in transition / _cJames G. Anderson, Kenneth W. Goodman. |
| 260 |
_aNew York : _bSpringer, _cc2002. |
||
| 300 |
_axviii, 229 p. : _bill. |
||
| 490 | 1 | _aHealth informatics | |
| 504 | _aIncludes bibliographical references and index. | ||
| 533 |
_aElectronic reproduction. _bPalo Alto, Calif. : _cebrary, _d2009. _nAvailable via World Wide Web. _nAccess may be limited to ebrary affiliated libraries. |
||
| 650 | 0 |
_aMedical informatics _xMoral and ethical aspects. |
|
| 650 | 0 |
_aMedicine _xInformation services _xMoral and ethical aspects. |
|
| 650 | 0 |
_aComputer networks _xSocial aspects. |
|
| 655 | 7 |
_aElectronic books. _2local |
|
| 700 | 1 |
_aGoodman, Kenneth W., _d1954- |
|
| 710 | 2 | _aebrary, Inc. | |
| 830 | 0 | _aHealth informatics. | |
| 856 | 4 | 0 |
_uhttp://site.ebrary.com/lib/rucke/Doc?id=10047727 _zAn electronic book accessible through the World Wide Web; click to view |
| 999 |
_c180590 _d180590 |
||